01596nam a22002537a 450000500170000000800410001702000180005804000070007604100080008308200180009110000270010924500460013626000270018230000260020936500910023552007070032665000300103365000230106365000380108670000270112494200120115199900190116395201600118220260325151548.0260325b |||||||| |||| 00| 0 eng d a9788126579950 cAL aeng a005.768bGAID aDeepak Gaikwad9259295 aDevops tools from practitioners viewpoint aNew DelhibWileyc2019 axix,154pbPBc24x18cm 2Information Science and EngineeringaVBI-2645b₹561.75c₹d749.00e25%f20-02-2026 aThis book includes proven step-by-step methodology to adopt DevOps in any project. It provides precise knowledge of tools to architect effective pipelines by selecting tools suitable for specific scenarios. Readers can do this by using features, comparative study, pros and cons, reference architectures and much more about most of the popular tools in open-source and proprietary market. Basic and advance Agile and DevOps concepts in practical context have been discussed to lay strong knowledge foundation for the readers. As DevOps is a continuous process, the establishment of governance around DevOps has been discussed to ensure that projects continue to evolve as they progress in this journey. aAgile Methodology9259296 aTool Suits9259297 aInfrastructure Management9259298 aThakkar, Viral9259299 2ddccBK c241062d241062 00102ddc40708ISEaSEbSEd2026-02-20eVidyathri Books, Bengaluru-560076g561.75l0o005.768 GAIDpSE000346r2026-03-25 15:18:47v749.00w2026-02-20yBK